Sociologija

Salvato in:
Dettagli Bibliografici
Natura: Periodico
Lingua:multilingua
Pubblicazione: Beograd Sociological Association of Serbia
Tags: Aggiungi Tag
Nessun Tag, puoi essere il primo ad aggiungerne!!

MARC

LEADER 00000nls a2200000 4500
001 0311897
005 20260205141144.5
022 |a 0038-0318 
041 0 |a mul 
044 |a RS 
245 1 0 |a Sociologija 
264 1 |a Beograd  |b Sociological Association of Serbia